[Event "WchT Seniors 50"]
[Site "Dresden"]
[Date "2018.07.12"]
[Round "6.9"]
[White "Thoele, Wolfgang"]
[Black "Rohrmueller, Ulrich"]
[Result "0-1"]
[WhiteElo "1968"]
[BlackElo "2205"]
[PlyCount "64"]
[EventDate "2018.07.07"]
[EventType "team-swiss"]
[EventRounds "9"]
[EventCountry "GER"]
[SourceTitle "CBM 185 Extra"]
[Source "ChessBase"]
[SourceDate "2018.07.29"]
[SourceVersion "1"]
[SourceVersionDate "2018.07.29"]
[SourceQuality "1"]
[WhiteTeam "Bielefeld Revival"]
[BlackTeam "Groebenzell"]
[WhiteTeamCountry "GER"]
[BlackTeamCountry "GER"]

1. e4 d6 2. d4 Nf6 3. Nc3 g6 4. Nf3 Bg7 5. Be2 0-0 6. 0-0 c6 7. Bg5 Qc7 8. Qd2 b5 9. a3 Nbd7 10. d5 a6 11. dxc6 Qxc6 12. Nd5 Re8 13. Nd4 Qb7 14. Bxf6 Nxf6 15. Nxf6+ Bxf6 16. Bf3 Be5 17. c3 Bd7 18. g3 Rac8 19. Bg2 Qa7 20. Rfd1 Rc7 21. Qe3 Bg7 22. Nc2 Qxe3 23. Nxe3 Kf8 24. Rd2 Rb8 25. Rad1 Be6 26. Nd5 Rcc8 27. h3 a5 28. Bf1 h5 29. Kg2 Bh6 30. f4 Bd7 31. Be2 Bc6 32. Rc2 e6 0-1

[Event "WchT Seniors 50"]
[Site "Dresden"]
[Date "2018.07.09"]
[Round "3.4"]
[White "Rohrmueller, Ulrich"]
[Black "Arkell, Keith C"]
[Result "0-1"]
[WhiteElo "2205"]
[BlackElo "2406"]
[PlyCount "170"]
[EventDate "2018.07.07"]
[EventType "team-swiss"]
[EventRounds "9"]
[EventCountry "GER"]
[SourceTitle "CBM 185 Extra"]
[Source "ChessBase"]
[SourceDate "2018.07.29"]
[SourceVersion "1"]
[SourceVersionDate "2018.07.29"]
[SourceQuality "1"]
[WhiteTeam "Groebenzell"]
[BlackTeam "England"]
[WhiteTeamCountry "GER"]
[BlackTeamCountry "ENG"]

1. Nf3 d5 2. c4 d4 3. e3 Nc6 4. exd4 Nxd4 5. Nxd4 Qxd4 6. d3 e5 7. Nc3 Nf6 8. Be3 Qd7 9. h3 Bb4 10. Qb3 Qe7 11. a3 Bxc3+ 12. Qxc3 0-0 13. Be2 Rd8 14. 0-0 Bf5 15. Rfd1 a5 16. b4 b6 17. d4 exd4 18. Rxd4 Rxd4 19. Qxd4 axb4 20. axb4 Rxa1+ 21. Qxa1 Qxb4 22. Qe5 Qe1+ 23. Kh2 Qxe2 24. Qxf5 Kf8 25. Qc8+ Ne8 26. c5 bxc5 27. Bxc5+ Kg8 28. Be3 Qb5 29. g4 h6 30. Qa8 Qd7 31. Kg2 c6 32. Kg3 Kh7 33. Qa7 Qe6 34. Qd4 Nd6 35. Bf4 Ne4+ 36. Kf3 Nf6 37. Kg3 Nd5 38. Qd3+ Kg8 39. Bd2 h5 40. Qc4 hxg4 41. hxg4 Qd6+ 42. Kf3 Qa3+ 43. Ke2 Qe7+ 44. Kf1 Qe6 45. Qd4 Nf6 46. f3 Nd7 47. Kf2 f6 48. g5 Kf7 49. gxf6 gxf6 50. Qe4 Nf8 51. Ke3 f5 52. Qxe6+ Nxe6 53. Kd3 Kg6 54. Bb4 Kg5 55. Bd6 Kh4 56. Ke3 Kh3 57. Be5 Kg2 58. Bd6 Kf1 59. Bb4 Kg1 60. Be7 Kh2 61. Bd6+ Kg2 62. Be5 Kh3 63. Bd6 Kh4 64. Be7+ Kh5 65. Kd3 Kg6 66. Bd6 Kf7 67. Be5 Ng5 68. Ke3 Ke6 69. Bc3 Nf7 70. Kf4 Nd6 71. Bb4 Nc4 72. Bf8 Nb6 73. Ke3 Nd7 74. Bb4 Ne5 75. Bc3 c5 76. Ba1 Ng6 77. Bc3 Kd5 78. Kd3 Nh4 79. Ke3 Kc4 80. Bf6 Ng6 81. Kd2 Kb3 82. Bg7 c4 83. Bf6 Nf4 84. Be5 Nd5 85. Bd4 f4 0-1

[Event "Graz op-A"]
[Site "Graz"]
[Date "2018.02.22"]
[Round "8"]
[White "Rohrmueller, Ulrich"]
[Black "Horvath, Reka"]
[Result "1-0"]
[WhiteElo "2216"]
[BlackElo "2072"]
[PlyCount "85"]
[EventDate "2018.02.17"]
[EventType "swiss"]
[EventRounds "9"]
[EventCountry "AUT"]
[SourceTitle "CBM 183 Extra"]
[Source "ChessBase"]
[SourceDate "2018.04.19"]
[SourceVersion "1"]
[SourceVersionDate "2018.04.19"]
[SourceQuality "1"]

1. Nf3 c5 2. c4 Nf6 3. g3 b6 4. Bg2 Bb7 5. Nc3 e6 6. 0-0 Be7 7. d4 cxd4 8. Qxd4 d6 9. Bg5 a6 10. Bxf6 Bxf6 11. Qf4 Bxc3 12. bxc3 0-0 13. Rad1 e5 14. Qe3 Qc7 15. Qd2 e4 16. Ng5 Qe7 17. h4 h6 18. Nh3 Rd8 19. Qd4 b5 20. Nf4 bxc4 21. Nd5 Bxd5 22. Qxd5 Nd7 23. Qxe4 Ne5 24. f4 Qa7+ 25. Qd4 Ng4 26. Bxa8 Qxa8 27. e4 Re8 28. Rfe1 Re6 29. Re2 Qc6 30. Rde1 a5 31. Rb1 Qe8 32. Qa7 Qa4 33. Qb8+ Kh7 34. Qb5 Qxb5 35. Rxb5 Nf6 36. e5 d5 37. Rc2 Ng4 38. Re2 Nf6 39. Rxa5 Ne4 40. Re3 f5 41. exf6 gxf6 42. Rxd5 Kg6 43. f5+ 1-0

[Event "Landesliga Sued 1718"]
[Site "Bayern"]
[Date "2017.11.26"]
[Round "3.5"]
[White "Wagner, Hans2222"]
[Black "Rohrmueller, Ulrich"]
[Result "1/2-1/2"]
[WhiteElo "2120"]
[BlackElo "2172"]
[PlyCount "23"]
[EventDate "2017.10.22"]
[EventType "team-tourn"]
[EventRounds "9"]
[EventCountry "GER"]
[SourceTitle "EXT 2022"]
[Source "ChessBase"]
[SourceDate "2021.10.06"]
[SourceVersion "1"]
[SourceVersionDate "2021.10.06"]
[SourceQuality "1"]
[WhiteTeam "Rottal Inn"]
[BlackTeam "Groebenzell"]
[WhiteTeamCountry "GER"]
[BlackTeamCountry "GER"]

1. d4 e6 2. Nf3 Nf6 3. e3 b6 4. Bd3 Bb7 5. Nbd2 d5 6. 0-0 Bd6 7. b3 Ne4 8. Bb2 Nd7 9. Ne5 Nxd2 10. Qxd2 Bxe5 11. dxe5 c5 12. f4 1/2-1/2

[Event "Landesliga Sued 1617"]
[Site "Bayern"]
[Date "2017.02.19"]
[Round "6.3"]
[White "Popovic, Dusan"]
[Black "Rohrmueller, Ulrich"]
[Result "1-0"]
[WhiteElo "2540"]
[BlackElo "2168"]
[PlyCount "41"]
[EventDate "2016.10.16"]
[EventType "team-tourn"]
[EventRounds "9"]
[EventCountry "GER"]
[SourceTitle "EXT 2019"]
[Source "ChessBase"]
[SourceDate "2018.10.10"]
[SourceVersion "1"]
[SourceVersionDate "2018.10.10"]
[SourceQuality "1"]
[WhiteTeam "Deggendorf"]
[BlackTeam "Groebenzell"]
[WhiteTeamCountry "GER"]
[BlackTeamCountry "GER"]

1. e4 e6 2. d4 d5 3. Nd2 Nf6 4. e5 Nfd7 5. Bd3 c5 6. c3 b6 7. Ne2 Ba6 8. Bxa6 Nxa6 9. Nf4 Nc7 10. Qg4 Qe7 11. 0-0 g6 12. h4 Bg7 13. Re1 0-0 14. Nf3 f6 15. h5 fxe5 16. dxe5 gxh5 17. Nxh5 Kh8 18. Qh3 Rf5 19. g4 Rxf3 20. Qxf3 Bxe5 21. Qh3 1-0

[Event "Landesliga Sued 1617"]
[Site "Bayern"]
[Date "2016.10.16"]
[Round "1.4"]
[White "Mueller, Marcus"]
[Black "Rohrmueller, Ulrich"]
[Result "1-0"]
[WhiteElo "2159"]
[BlackElo "2168"]
[PlyCount "95"]
[EventDate "2016.10.16"]
[EventType "team-tourn"]
[EventRounds "9"]
[EventCountry "GER"]
[SourceTitle "EXT 2019"]
[Source "ChessBase"]
[SourceDate "2018.10.10"]
[SourceVersion "1"]
[SourceVersionDate "2018.10.10"]
[SourceQuality "1"]
[WhiteTeam "Garching II"]
[BlackTeam "Groebenzell"]
[WhiteTeamCountry "GER"]
[BlackTeamCountry "GER"]

1. Nf3 d5 2. d4 Nf6 3. g3 e6 4. Bg2 Be7 5. 0-0 b5 6. a4 b4 7. c4 bxc3 8. bxc3 Ba6 9. Ne5 Nfd7 10. Nd3 0-0 11. Ba3 Nc6 12. Nb4 Bb7 13. Nxc6 Bxc6 14. c4 Nb6 15. cxd5 Bxd5 16. e4 Bc4 17. Re1 a5 18. Bxe7 Qxe7 19. Nd2 Rad8 20. Nxc4 Nxc4 21. Qd3 Qb4 22. Reb1 Ne5 23. Rxb4 Nxd3 24. Rb5 Ra8 25. e5 Ra7 26. d5 Nxe5 27. dxe6 Ng6 28. exf7+ Kxf7 29. Rc1 Rd8 30. Bd5+ Kf8 31. Rc4 Rd6 32. Re4 Rb6 33. Rc5 Rb4 34. Bc4 Ne7 35. Rf4+ Ke8 36. Kg2 c6 37. Bf7+ Kf8 38. Rf3 h6 39. h4 Ng8 40. Bd5+ Nf6 41. Bxc6 Rc7 42. Rff5 Ke7 43. Bb5 Rxc5 44. Rxc5 Ne4 45. Rc2 Kd6 46. Rc6+ Kd5 47. Rg6 Rb2 48. Bc6+ 1-0

[Event "Oberliga Bayern 1516"]
[Site "Bayern"]
[Date "2015.10.11"]
[Round "1.7"]
[White "Rohrmueller, Ulrich"]
[Black "Prediger, Rupert"]
[Result "1/2-1/2"]
[WhiteElo "2178"]
[BlackElo "2136"]
[PlyCount "90"]
[EventDate "2015.10.11"]
[EventType "team-tourn"]
[EventRounds "9"]
[EventCountry "GER"]
[SourceTitle "EXT 2018"]
[Source "ChessBase"]
[SourceDate "2017.10.13"]
[SourceVersion "1"]
[SourceVersionDate "2017.10.13"]
[SourceQuality "1"]
[WhiteTeam "Groebenzell"]
[BlackTeam "Pang/Rosenheim"]
[WhiteTeamCountry "GER"]
[BlackTeamCountry "GER"]

1. Nf3 c5 2. b3 Nc6 3. Bb2 d5 4. e3 Nf6 5. Bb5 Bd7 6. 0-0 e6 7. c4 a6 8. Bxc6 Bxc6 9. Ne5 Qc7 10. Nxc6 Qxc6 11. Bxf6 gxf6 12. Qf3 Rg8 13. Nc3 0-0-0 14. cxd5 exd5 15. Rac1 Kb8 16. d3 Rg6 17. Rfd1 Bd6 18. g3 Bc7 19. Na4 b6 20. d4 c4 21. Rxc4 Qe6 22. Rc2 Kb7 23. Rdc1 Bb8 24. Nb2 f5 25. Nd3 Qe4 26. Qxe4 fxe4 27. Nb4 Rd7 28. a4 a5 29. Na2 Rc7 30. Rxc7+ Bxc7 31. Nc3 Rc6 32. Ne2 Rg6 33. Kg2 Rh6 34. Rc2 Rg6 35. Nc1 Bd8 36. Ne2 Bc7 37. f3 f5 38. Ng1 h6 39. f4 Bd8 40. Nh3 Be7 41. Nf2 h5 42. h3 Bh4 43. g4 hxg4 44. hxg4 Bxf2 45. Kxf2 Rxg4 1/2-1/2

[Event "Oberliga Bayern 1314"]
[Site "Bayern"]
[Date "2014.04.06"]
[Round "9.5"]
[White "Lederle, Vitus"]
[Black "Rohrmueller, Ulrich"]
[Result "0-1"]
[WhiteElo "2217"]
[BlackElo "2233"]
[PlyCount "157"]
[EventDate "2013.10.13"]
[EventType "team-tourn"]
[EventRounds "9"]
[EventCountry "GER"]
[SourceTitle "EXT 2015"]
[Source "ChessBase"]
[SourceDate "2014.11.20"]
[SourceVersion "1"]
[SourceVersionDate "2014.11.20"]
[SourceQuality "1"]
[WhiteTeam "Dillingen"]
[BlackTeam "Groebenzell"]
[WhiteTeamCountry "GER"]
[BlackTeamCountry "GER"]

1. e4 e6 2. d4 d5 3. Nc3 Bb4 4. e5 c5 5. dxc5 Nc6 6. Nf3 Nge7 7. Bd3 Ng6 8. Qe2 Bxc3+ 9. bxc3 Qc7 10. Bxg6 fxg6 11. 0-0 Na5 12. Be3 0-0 13. Bd4 Bd7 14. Ng5 h6 15. Nh3 Ba4 16. Rab1 Qf7 17. Rb4 Bc6 18. f3 Kh7 19. Nf2 Qd7 20. Nd3 Nc4 21. Rbb1 Qc7 22. f4 Rf7 23. Rf3 Raf8 24. g4 Qa5 25. Rbf1 Qxa2 26. h4 Qa5 27. Qg2 Qc7 28. h5 gxh5 29. gxh5 Rf5 30. Qg6+ Kh8 31. R1f2 Qe7 32. Qg4 Be8 33. Rh2 Qf7 34. Rg3 a5 35. Rhg2 Rg8 36. Qg6 Rxh5 37. Qxf7 Bxf7 38. Kf2 Rh1 39. Rg1 Rxg1 40. Rxg1 Be8 41. f5 exf5 42. Nf4 Kh7 43. Nxd5 Bc6 44. Ne7 Rf8 45. Ng6 Re8 46. e6 Nd2 47. Nf8+ Kg8 48. Bxg7 Ne4+ 49. Ke3 Nf6 50. Rg6 Nd5+ 51. Kf2 Nf4 52. Rg3 Nxe6 53. Bxh6+ Kf7 54. Nxe6 Kxe6 55. c4 Ke5 56. Bg7+ Kf4 57. Rd3 Rg8 58. Bh6+ Ke5 59. Bd2 Rg2+ 60. Kf1 Rh2 61. Bc3+ Kf4 62. Bd2+ Ke4 63. Bxa5 Rxc2 64. Rb3 f4 65. Be1 Kf5 66. Rc3 Ra2 67. Rc1 Be4 68. Bf2 Kg4 69. Kg1 Kf3 70. Bd4 Rg2+ 71. Kf1 Rd2 72. c6 Rxd4 73. c7 Bf5 74. Rc3+ Kg4 75. Rb3 Rxc4 76. Rxb7 Bc8 77. Ra7 Kg3 78. Ra3+ f3 79. Ke1 0-1

[Event "Oberliga Bayern 1213"]
[Site "Bayern"]
[Date "2012.12.09"]
[Round "4.5"]
[White "Meier, Volker"]
[Black "Rohrmueller, Ulrich"]
[Result "1/2-1/2"]
[WhiteElo "2228"]
[BlackElo "2201"]
[PlyCount "75"]
[EventDate "2012.10.14"]
[EventType "team-tourn"]
[EventRounds "9"]
[EventCountry "GER"]
[SourceTitle "EXT 2015"]
[Source "ChessBase"]
[SourceDate "2014.11.20"]
[SourceVersion "1"]
[SourceVersionDate "2014.11.20"]
[SourceQuality "1"]
[WhiteTeam "Muenchen Tarrasch"]
[BlackTeam "Groebenzell"]
[WhiteTeamCountry "GER"]
[BlackTeamCountry "GER"]

1. e4 e6 2. d4 d5 3. Nd2 c5 4. exd5 exd5 5. Ngf3 a6 6. Be2 Nf6 7. 0-0 Be7 8. dxc5 Bxc5 9. Nb3 Bb6 10. Bg5 0-0 11. c3 Re8 12. Qd3 h6 13. Bh4 Nc6 14. Rad1 g5 15. Bg3 Ne4 16. Nfd4 Nxd4 17. Nxd4 Bxd4 18. cxd4 Bd7 19. Be5 Bb5 20. Qf3 Bxe2 21. Qxe2 f6 22. Qh5 Kg7 23. f3 Nd6 24. Bxd6 Qxd6 25. f4 Re4 26. f5 Rc8 27. Qg6+ Kf8 28. Qxh6+ Kg8 29. Qg6+ Kf8 30. Rd3 Rh4 31. Rg3 Qb6 32. Kh1 Qxd4 33. Rxg5 Rxh2+ 34. Kxh2 Qh4+ 35. Kg1 Qd4+ 36. Kh2 Qh4+ 37. Kg1 Qd4+ 38. Kh2 1/2-1/2

[Event "Oberliga Bayern 1112"]
[Site "Bayern"]
[Date "2012.02.26"]
[Round "7.5"]
[White "Rohrmueller, Ulrich"]
[Black "Schmid, Franz"]
[Result "1-0"]
[WhiteElo "2211"]
[BlackElo "2152"]
[PlyCount "51"]
[EventDate "2011.10.02"]
[EventType "team-tourn"]
[EventRounds "9"]
[EventCountry "GER"]
[SourceTitle "EXT 2015"]
[Source "ChessBase"]
[SourceDate "2014.11.20"]
[SourceVersion "1"]
[SourceVersionDate "2014.11.20"]
[SourceQuality "1"]
[WhiteTeam "Groebenzell"]
[BlackTeam "Passau"]
[WhiteTeamCountry "GER"]
[BlackTeamCountry "GER"]

1. d4 d5 2. c4 dxc4 3. e3 Nf6 4. Bxc4 e6 5. Nf3 c5 6. 0-0 a6 7. a4 Nc6 8. Qe2 cxd4 9. Rd1 Be7 10. exd4 0-0 11. Nc3 Qc7 12. Bg5 Bd7 13. d5 exd5 14. Bxf6 Bxf6 15. Nxd5 Qd8 16. Nxf6+ gxf6 17. Qd2 Be6 18. Qh6 Qe7 19. Bd3 f5 20. Re1 f6 21. Bxf5 Ne5 22. Nxe5 Bxf5 23. Nc6 Qc5 24. Ne7+ Kh8 25. Rac1 Bc2 26. Ng6+ 1-0

[Event "Oberliga Bayern 1011"]
[Site "Germany"]
[Date "2011.01.16"]
[Round "5.2"]
[White "Koch, Moritz"]
[Black "Rohrmueller, Ulrich"]
[Result "1-0"]
[WhiteElo "2221"]
[BlackElo "2211"]
[PlyCount "59"]
[EventDate "2010.10.10"]
[EventType "team-tourn"]
[EventRounds "9"]
[EventCountry "GER"]
[SourceTitle "EXT 2012"]
[Source "ChessBase"]
[SourceDate "2011.11.24"]
[SourceVersion "1"]
[SourceVersionDate "2011.11.24"]
[SourceQuality "1"]
[WhiteTeam "Puschendorf"]
[BlackTeam "Groebenzell"]
[WhiteTeamCountry "GER"]
[BlackTeamCountry "GER"]

1. e4 e6 2. d4 d5 3. Nd2 Nf6 4. e5 Nfd7 5. Bd3 c5 6. c3 Nc6 7. Ngf3 g6 8. 0-0 Bg7 9. Re1 0-0 10. Nf1 cxd4 11. cxd4 f6 12. exf6 Qxf6 13. Be3 Kh8 14. Bb5 Ndb8 15. Qd2 Bd7 16. Bg5 Qf7 17. Bh6 Bxh6 18. Qxh6 Qg7 19. Qxg7+ Kxg7 20. N1d2 Nd8 21. Bd3 Nbc6 22. Nb3 Rc8 23. Rac1 Rc7 24. Ne5 Be8 25. Bb5 Re7 26. Bxc6 Nxc6 27. Nxc6 Bxc6 28. Nc5 Rf6 29. Rc3 Bb5 30. Rb3 1-0

[Event "Oberliga Bayern 1011"]
[Site "Germany"]
[Date "2010.10.10"]
[Round "1.2"]
[White "Suran, Jan"]
[Black "Rohrmueller, Ulrich"]
[Result "1-0"]
[WhiteElo "2341"]
[BlackElo "2211"]
[PlyCount "113"]
[EventDate "2010.10.10"]
[EventType "team-tourn"]
[EventRounds "9"]
[EventCountry "GER"]
[SourceTitle "EXT 2012"]
[Source "ChessBase"]
[SourceDate "2011.11.24"]
[SourceVersion "1"]
[SourceVersionDate "2011.11.24"]
[SourceQuality "1"]
[WhiteTeam "Passau"]
[BlackTeam "Groebenzell"]
[WhiteTeamCountry "GER"]
[BlackTeamCountry "GER"]

1. e4 e6 2. d4 d5 3. Nd2 Nf6 4. e5 Nfd7 5. c3 c5 6. Bd3 Nc6 7. Ne2 cxd4 8. cxd4 f6 9. exf6 Nxf6 10. 0-0 Bd6 11. Nf3 Qc7 12. Bg5 0-0 13. Nc3 a6 14. Rc1 Bd7 15. Bh4 Nh5 16. Re1 Nf4 17. Bb1 Rae8 18. a3 g6 19. Na4 Bc8 20. Nc5 Qg7 21. Bg3 g5 22. h3 h5 23. Nd3 Nxd4 24. Nxd4 Qxd4 25. Bxf4 Bxf4 26. Qxh5 Bxc1 27. Rxc1 Re7 28. Qxg5+ Rg7 29. Qe5 Qb6 30. Nf4 Bd7 31. Bd3 Rgf7 32. Ng6 Qxf2+ 33. Kh2 Rg7 34. Rf1 Qxf1 35. Bxf1 Rxf1 36. Qb8+ Kh7 37. Nf8+ Kh6 38. Nxd7 Rxd7 39. Qe8 Rff7 40. Qxe6+ Kg7 41. Qe5+ Kg8 42. Qd4 Rfe7 43. h4 Re4 44. Qf6 Ree7 45. Qd4 Re4 46. Qf6 Ree7 47. Qg6+ Kh8 48. Qh5+ Kg8 49. Qg4+ Kh7 50. Qd4 Re4 51. Qd3 Kg7 52. Kh3 Kf6 53. h5 Kg5 54. g4 Kf4 55. Qg3+ Kg5 56. Qh4+ Kf4 57. Qf2+ 1-0

[Event "Oberliga Bayern 0910"]
[Site "Bayern"]
[Date "2009.11.15"]
[Round "2.2"]
[White "Rohrmueller, Ulrich"]
[Black "Graf, Felix"]
[Result "1/2-1/2"]
[WhiteElo "2248"]
[BlackElo "2322"]
[PlyCount "125"]
[EventDate "2009.10.18"]
[EventType "team-tourn"]
[EventRounds "9"]
[EventCountry "GER"]
[SourceTitle "EXT 2011"]
[Source "ChessBase"]
[SourceDate "2010.11.26"]
[SourceVersion "1"]
[SourceVersionDate "2010.11.26"]
[SourceQuality "1"]
[WhiteTeam "Groebenzell"]
[BlackTeam "Bayern Muenchen II"]
[WhiteTeamCountry "GER"]
[BlackTeamCountry "GER"]

1. d4 e6 2. c4 Nf6 3. Nc3 Bb4 4. a3 Bxc3+ 5. bxc3 d6 6. f3 Nbd7 7. e4 e5 8. Bd3 h5 9. Ne2 h4 10. 0-0 c5 11. h3 Nf8 12. f4 Nh5 13. f5 Bd7 14. Be3 Qa5 15. Bg5 Ba4 16. Qb1 Nd7 17. Bxh4 Nf4 18. Be1 Nxd3 19. Qxd3 0-0-0 20. Bg3 f6 21. Rfb1 Nb6 22. Bf2 Rd7 23. Ng3 Qa6 24. Nf1 Nxc4 25. Ne3 Nxe3 26. Qxe3 b6 27. d5 Qc4 28. Rb2 g6 29. fxg6 Rg7 30. Qf3 Rhg8 31. Kh2 Rxg6 32. Rg1 Bd7 33. g4 Qa4 34. Qe2 Kb8 35. Ra2 Bb5 36. Qf3 Bc4 37. Raa1 Qc2 38. Rgc1 Qd3 39. Qxd3 Bxd3 40. Re1 f5 41. exf5 Bxf5 42. Re3 c4 43. Rg1 Bd3 44. Rgg3 e4 45. Re1 Rg5 46. Be3 Rxd5 47. h4 Bc2 48. h5 Bd1 49. Kh3 Bxg4+ 50. Rxg4 Rxh5+ 51. Kg3 Rxg4+ 52. Kxg4 Rd5 53. Kf4 Ra5 54. Bc1 Kc7 55. Rxe4 d5 56. Re2 Kd6 57. Ke3 Kc5 58. Kd2 d4 59. cxd4+ Kxd4 60. Bb2+ Kc5 61. Kc2 Rb5 62. Rd2 Rb3 63. Rd7 1/2-1/2

[Event "Oberliga Bayern 0910"]
[Site "Bayern"]
[Date "2009.10.18"]
[Round "1.2"]
[White "Sommer, Matthias"]
[Black "Rohrmueller, Ulrich"]
[Result "1-0"]
[WhiteElo "2125"]
[BlackElo "2248"]
[PlyCount "109"]
[EventDate "2009.10.18"]
[EventType "team-tourn"]
[EventRounds "9"]
[EventCountry "GER"]
[SourceTitle "EXT 2011"]
[Source "ChessBase"]
[SourceDate "2010.11.26"]
[SourceVersion "1"]
[SourceVersionDate "2010.11.26"]
[SourceQuality "1"]
[WhiteTeam "Nuernberg NT II"]
[BlackTeam "Groebenzell"]
[WhiteTeamCountry "GER"]
[BlackTeamCountry "GER"]

1. d4 e6 2. c4 Nf6 3. Nf3 d5 4. Nc3 Be7 5. cxd5 exd5 6. Bg5 c6 7. Qc2 0-0 8. e3 Nbd7 9. Bd3 Re8 10. 0-0 Nf8 11. Rab1 Be6 12. b4 Rc8 13. Rfc1 N6d7 14. Bf4 Nb6 15. Na4 Nxa4 16. Qxa4 a6 17. Qb3 f6 18. a4 Bd6 19. Bxd6 Qxd6 20. Rc3 Nd7 21. Qc2 g6 22. h3 Kg7 23. b5 axb5 24. axb5 c5 25. dxc5 Nxc5 26. Nd4 Nxd3 27. Qxd3 Rxc3 28. Qxc3 Rc8 29. Qa5 Rc4 30. b6 Bd7 31. Qa8 Bc6 32. g3 Kh6 33. h4 Qc5 34. Qd8 Rxd4 35. exd4 Qxd4 36. Qf8+ Kh5 37. Qb4 Qd3 38. Qe1 d4 39. Qd1+ Qf3 40. Kf1 Kg4 41. Ke1 Kf5 42. Qxf3+ Bxf3 43. Kd2 Be4 44. Re1 g5 45. hxg5 fxg5 46. Rc1 g4 47. Rc5+ Kf6 48. Rc8 Ke6 49. Rg8 Kf5 50. Rg7 h5 51. Rh7 Kg5 52. Rd7 h4 53. gxh4+ Kxh4 54. Rxd4 Bf3 55. Ke3 1-0

[Event "Oberliga Bayern 0809"]
[Site "Bayern"]
[Date "2009.03.29"]
[Round "9.2"]
[White "Schneider, Stefan"]
[Black "Rohrmueller, Ulrich"]
[Result "1/2-1/2"]
[WhiteElo "2346"]
[BlackElo "2275"]
[PlyCount "53"]
[EventDate "2008.10.05"]
[EventType "team-tourn"]
[EventRounds "9"]
[EventCountry "GER"]
[SourceTitle "EXT 2020"]
[Source "ChessBase"]
[SourceDate "2019.10.17"]
[SourceVersion "1"]
[SourceVersionDate "2019.10.17"]
[SourceQuality "1"]
[WhiteTeam "Bayern Muenchen II"]
[BlackTeam "Groebenzell"]
[WhiteTeamCountry "GER"]
[BlackTeamCountry "GER"]

1. d4 d5 2. c4 Nc6 3. Nc3 dxc4 4. Nf3 Nf6 5. Bg5 h6 6. Bh4 a6 7. e4 Bg4 8. d5 Ne5 9. Be2 Bxf3 10. gxf3 Nh5 11. Qd4 Qd6 12. Bg3 Nxg3 13. hxg3 Qf6 14. Qe3 Nd7 15. f4 e5 16. fxe5 Nxe5 17. f4 Nd7 18. Bxc4 Bc5 19. Qd3 Qd4 20. 0-0-0 Qxd3 21. Bxd3 f6 22. Be2 0-0-0 23. Bh5 g5 24. Ne2 gxf4 25. gxf4 Rdg8 26. Rh2 Bd6 27. Rf2 1/2-1/2

[Event "Oberliga Bayern 0809"]
[Site "Bayern"]
[Date "2008.12.14"]
[Round "4.2"]
[White "Zvara, Petr"]
[Black "Rohrmueller, Ulrich"]
[Result "1/2-1/2"]
[WhiteElo "2401"]
[BlackElo "2275"]
[PlyCount "83"]
[EventDate "2008.10.05"]
[EventType "team-tourn"]
[EventRounds "9"]
[EventCountry "GER"]
[SourceTitle "EXT 2020"]
[Source "ChessBase"]
[SourceDate "2019.10.17"]
[SourceVersion "1"]
[SourceVersionDate "2019.10.17"]
[SourceQuality "1"]
[WhiteTeam "Bamberg SC"]
[BlackTeam "Groebenzell"]
[WhiteTeamCountry "GER"]
[BlackTeamCountry "GER"]

1. e4 e6 2. d4 d5 3. Nd2 Nf6 4. e5 Nfd7 5. c3 c5 6. f4 Nc6 7. Ndf3 cxd4 8. cxd4 f5 9. Bd3 Be7 10. Ne2 Nb6 11. h3 a5 12. a4 Nb4 13. Bb1 Bd7 14. g4 0-0 15. b3 Nc8 16. Nc3 Na7 17. Qe2 Rc8 18. Bd2 Be8 19. 0-0 Bg6 20. Rc1 Qe8 21. Qg2 Rc6 22. Ne2 Rxc1+ 23. Bxc1 fxg4 24. Qxg4 Bd8 25. Bxg6 Qxg6 26. Qxg6 hxg6 27. Bd2 Nbc6 28. Rc1 Be7 29. Kg2 Rc8 30. Be1 Kf7 31. Bh4 Bxh4 32. Nxh4 Ne7 33. Rxc8 Naxc8 34. Nc3 Na7 35. Kf2 Nf5 36. Nxf5 gxf5 37. Kf3 Kg6 38. Kg3 Kh5 39. h4 Kg6 40. Kh3 Kh5 41. Kg3 Kg6 42. Kf3 1/2-1/2

[Event "Oberliga Bayern 0809"]
[Site "Bayern"]
[Date "2008.10.05"]
[Round "1.2"]
[White "Rohrmueller, Ulrich"]
[Black "Blaskowski, Johannes"]
[Result "1/2-1/2"]
[WhiteElo "2275"]
[BlackElo "2295"]
[PlyCount "109"]
[EventDate "2008.10.05"]
[EventType "team-tourn"]
[EventRounds "9"]
[EventCountry "GER"]
[SourceTitle "EXT 2020"]
[Source "ChessBase"]
[SourceDate "2019.10.17"]
[SourceVersion "1"]
[SourceVersionDate "2019.10.17"]
[SourceQuality "1"]
[WhiteTeam "Groebenzell"]
[BlackTeam "Pang/Rosenheim"]
[WhiteTeamCountry "GER"]
[BlackTeamCountry "GER"]

1. Nf3 Nf6 2. c4 g6 3. Nc3 Bg7 4. g3 0-0 5. Bg2 d6 6. d4 c6 7. 0-0 Nbd7 8. e4 e5 9. h3 Re8 10. Be3 exd4 11. Nxd4 Nc5 12. Qc2 Qe7 13. Rfe1 Nfxe4 14. Nxe4 Nxe4 15. Bxe4 Qxe4 16. Bd2 Qxe1+ 17. Rxe1 Rxe1+ 18. Bxe1 Bxd4 19. Qd2 c5 20. Kh2 Be6 21. b3 d5 22. cxd5 Bxd5 23. Qe2 Bc6 24. Bd2 Re8 25. Be3 a6 26. Qd2 Rd8 27. Qe2 a5 28. Bg5 Re8 29. Be3 a4 30. Qd2 axb3 31. axb3 Rd8 32. Qe2 Ra8 33. Bf4 h5 34. Be5 Ra1 35. g4 Rh1+ 36. Kg3 hxg4 37. hxg4 Rg1+ 38. Kf4 Rg2 39. Bxd4 cxd4 40. Qd2 Bd7 41. g5 Bf5 42. Ke5 d3 43. Kf6 Be6 44. b4 b5 45. Qf4 Rg4 46. Qd6 Re4 47. Qd8+ Kh7 48. Qxd3 Rxb4 49. Qd6 Re4 50. f3 Re3 51. Qf4 Rc3 52. Qh2+ Kg8 53. Qb8+ Kh7 54. Qh2+ Kg8 55. Qb8+ 1/2-1/2

[Event "Oberliga Bayern 0708"]
[Site "Bayern"]
[Date "2008.02.17"]
[Round "6.1"]
[White "Rohrmueller, Ulrich"]
[Black "Seuffert, Gabriel"]
[Result "1-0"]
[WhiteElo "2262"]
[BlackElo "2241"]
[PlyCount "87"]
[EventDate "2007.10.21"]
[EventType "team-tourn"]
[EventRounds "9"]
[EventCountry "GER"]
[SourceTitle "EXT 2009"]
[Source "ChessBase"]
[SourceDate "2008.11.26"]
[SourceVersion "1"]
[SourceVersionDate "2008.11.26"]
[SourceQuality "1"]
[WhiteTeam "Groebenzell"]
[BlackTeam "Wuerzburg"]
[WhiteTeamCountry "GER"]
[BlackTeamCountry "GER"]

1. d4 Nf6 2. Nf3 e6 3. c4 b6 4. a3 Ba6 5. Qc2 Bb7 6. Nc3 c5 7. dxc5 bxc5 8. Bg5 Be7 9. e3 d6 10. Be2 Qb6 11. 0-0 Nbd7 12. Rfd1 Rb8 13. Rab1 a5 14. Nd2 Ne5 15. Bf4 Qc6 16. Qa4 Ng6 17. Bg3 0-0 18. Bf3 Qxa4 19. Nxa4 Bxf3 20. gxf3 Rfc8 21. Ne4 Nxe4 22. fxe4 Rc6 23. Rd3 h5 24. h3 h4 25. Bh2 Nf8 26. Rbd1 e5 27. f4 f6 28. Kf2 Ne6 29. Kf3 g5 30. f5 g4+ 31. hxg4 Ng5+ 32. Ke2 Nxe4 33. Bg1 Kf7 34. Bf2 Rcc8 35. Rh1 Rh8 36. Rxh4 Rxh4 37. Bxh4 Rh8 38. Kf3 Rxh4 39. Kxe4 Rxg4+ 40. Kd5 Rg2 41. Rb3 Rf2 42. Ke4 Ke8 43. Rb7 Bf8 44. Kd5 1-0